• 首页
  • 本馆介绍
  • 公告通知
  • 最新文献
  • 馆藏检索
  • 电子资源
  • 读者导购
  • 参考咨询
  • 我的图书馆
  • 登录
  • 详细信息显示
  • 放入我的书架
  • 预约/预借图书
  • 作者相关作品
  • 分类相关作品
  • 丛书相关作品
  • 出版社相关作品

书目信息

  • 表格格式
  • 工作单格式
  • 卡片格式
题名:
论中国建筑
    
 
作者: 李纬文 译著
分册:  
出版信息: 北京   电子工业出版社  2016.5
页数: 228页
开本: 28cm
丛书名:
单 册:
中图分类: TU-862
科图分类:
主题词: 建筑艺术--中国
电子资源:
ISBN: 978-7-121-28803-6
000 01003nam0 2200241 450
001 0400001998
005 20171026082653.35
010    @a978-7-121-28803-6@dCNY98.00
100    @a20160923e20172016em y0chiy0110 ea
101 1  @achi@cfre
102    @aCN@b110000
105    @aa z 000yy
106    @ar
200 1  @a论中国建筑@9lun zhong guo jian zhu@e18世纪法国传教士笔下的中国建筑@e绘图手稿《论中国建筑》的翻译及研究@f李纬文译著
210    @a北京@c电子工业出版社@d2016.5@h2017.6
215    @a228页@d28cm
330    @a本书以绘图为主的18世纪法语手稿却有着大部头著作才有的名称——《论中国建筑》。身在中国为清代皇室服务的法国耶稣会士主编者通过这部画册展现并介绍了色彩斑斓、雕梁画栋的中国建筑艺术,而后将其传递回了他的家乡法兰西,让远在欧洲的读者们更好地了解那个亭阁峙立的东方。
510 1  @aEssai sur l''architecture Chinoise@zfre
606 0  @a建筑艺术@y中国
690    @aTU-862@v5
701  0 @a李纬文@9li wei wen@f(1989-)@4译著
801  0 @aCN@b91MARC@c20171019
905    @b1031215-9@dTU-862@f5@e160
    
    论中国建筑:18世纪法国传教士笔下的中国建筑:绘图手稿《论中国建筑》的翻译及研究/李纬文译著.-北京:电子工业出版社,2016.5(2017.6)
    228页;28cm
    
    
    ISBN 978-7-121-28803-6:CNY98.00
    本书以绘图为主的18世纪法语手稿却有着大部头著作才有的名称——《论中国建筑》。身在中国为清代皇室服务的法国耶稣会士主编者通过这部画册展现并介绍了色彩斑斓、雕梁画栋的中国建筑艺术,而后将其传递回了他的家乡法兰西,让远在欧洲的读者们更好地了解那个亭阁峙立的东方。
●
相关链接 在E读中查询图书 在五车中查询图书 在当当中查询图书 在豆瓣中查询图书


正题名:论中国建筑     索取号:TU-862/160         预约/预借

序号 登录号 条形码 馆藏地/架位号 状态 备注
1 1031215   210312151   第二样本阅览室/ [索取号:TU-862/160] 在馆    
2 1031216   210312160   密集书库-生命科学系/ [索取号:TU-862/160] 在馆    
3 1031217   210312179   第三借阅区/ [索取号:TU-862/160] 在馆    
4 1031218   210312188   第三借阅区/ [索取号:TU-862/160] 在馆    
5 1031219   210312197   第三借阅区/ [索取号:TU-862/160] 在馆    
唐山师范学院图书馆 欢迎您!
大连网信软件有限公司© 版权所有